00388cas a2200133 4500008004100000035002000041050002000061100002200081245005400103260003500157300001700192504001900209650002600228131121n eng u a(Sirsi) a181725 aKU 640 JAC 19671 aJackson, David C. aPrinciples of property law/c by David C. Jackson aSydney :bLaw Books Co.,c1967 axxxvi, 418p. aIncludes index aProperty -- Australia